Intergovernmental Panel on Climate Change (Record no. 119885)

MARC details
000 -LEADER
fixed length control field 00871cam a2200205 4500
001 - CONTROL NUMBER
control field WS114605
008 - FIXED-LENGTH DATA ELEMENTS--GENERAL INFORMATION
fixed length control field 010917n 000 0 eng u
035 ## - SYSTEM CONTROL NUMBER
System control number (Sirsi) u114605
245 ## - TITLE STATEMENT
Title Intergovernmental Panel on Climate Change
520 ## - SUMMARY, ETC.
Summary, etc. Web site for this United Nations body set up to assess the scientific, technical and socio-economic information relevant for the understanding of the risk of climate change. Gives details of its working groups and their latest publication 'Climate Change 2001'.
650 ## - SUBJECT ADDED ENTRY--TOPICAL TERM
Topical term or geographic name entry element UNITED NATIONS ENVIRONMENT PROGRAMME
650 ## - SUBJECT ADDED ENTRY--TOPICAL TERM
Topical term or geographic name entry element INTERNATIONAL
650 ## - SUBJECT ADDED ENTRY--TOPICAL TERM
Topical term or geographic name entry element CLIMATE CHANGE
650 ## - SUBJECT ADDED ENTRY--TOPICAL TERM
Topical term or geographic name entry element Land use
9 (RLIN) 6251
650 ## - SUBJECT ADDED ENTRY--TOPICAL TERM
Topical term or geographic name entry element FORESTRY
650 ## - SUBJECT ADDED ENTRY--TOPICAL TERM
Topical term or geographic name entry element WORLD METEOROLOGICAL ORGANIZATION
690 ## - LOCAL SUBJECT ADDED ENTRY--TOPICAL TERM (OCLC, RLIN)
Topical term or geographic name as entry element ENVIRONMENTAL AND LAND CONSULTANCY
856 40 - ELECTRONIC LOCATION AND ACCESS
Uniform Resource Identifier <a href="https://www.ipcc.ch">https://www.ipcc.ch</a>
Public note View the website free of charge at www.ipcc.ch...
942 ## - ADDED ENTRY ELEMENTS (KOHA)
Suppress in OPAC 0
Holdings
Withdrawn status Lost status Source of classification or shelving scheme Damaged status Not for loan Home library Current library Shelving location Date acquired Total Checkouts Full call number Barcode Date last seen Copy number Price effective from Koha item type
    Dewey Decimal Classification     Virtual Virtual Online 17/09/2001   WEB SITE 114605-2001 06/08/2019 1 06/08/2019 Online material